Vampire diaries - personnages - Statistiques

Statistiques générales
  • Ce quiz a été pris 1 044 fois
    1 011 depuis la dernière actualisation
  • Le résultat moyen est 23 sur 155
Statistiques - réponses
Hint Réponse % Correct
# Elena Gilbert
93%
# Damon Salvatore
85%
# Stefan Salvatore
82%
# Caroline Forbes
70%
# Bonnie Bennett
68%
# Jeremy Gilbert
66%
# Matt Donovan
56%
# Tyler Lockwood
55%
# Katherine Pierce
52%
# Klaus Mikaelson
51%
# Alaric Saltzman
50%
# Elijah Mikaelson
49%
# Rebekah Mikaelson
46%
# Kol Mikaelson
44%
# John Gilbert
41%
# Finn Mikaelson
39%
# Jenna Sommers
39%
# Elizabeth Forbes
36%
# Vicki Donovan
36%
# Silas
35%
# Carol Lockwood
31%
# Lily Salvatore
31%
# Amara
28%
# Emily Bennett
28%
# Mikael Mikaelson
28%
# Esther Mikaelson
27%
# Liv Parker
25%
# Mason Lockwood
25%
# Rose
25%
# Sybil
25%
# Isobel Flemming
24%
# Giuseppe Salvatore
23%
# Hayley Marshall
23%
# Josie Saltzman
23%
# Luke Parker
22%
# Nadia Petrova
22%
# Sheila Bennett
22%
# Tatia
22%
# Lizzie Saltzman
21%
# Lorenzo Saint John
21%
# Mary Louise
21%
# Logan Fell
20%
# Abby Bennett
19%
# Bill Forbes
19%
# Malachai Parker
19%
# Miranda Gilbert
19%
# Julia
18%
# Meredith Fell
18%
# Lexi Branson
17%
# Sarah
17%
# Seline
17%
# Zach Salvatore
17%
# Jo Laughlin
16%
# Qetsiyah
16%
# Grayson Gilbert
14%
# April Young
13%
# Nora Hildegard
13%
# Valerie Tulle
13%
# Andie Star
12%
# Beau
12%
# Jonathan Gilbert
12%
# Kelly Donovan
12%
# Richard Lockwood
12%
# Julian
11%
# Trevor
11%
# Atticus Shane
10%
# Aaron Whitmore
9%
# Luka Martin
9%
# Anna Zhu
8%
# Arcadius
8%
# Lucy Bennett
8%
# Sarah Salvatore
8%
# Henrik Mikaelson
7%
# Joshua Parker
7%
# Oscar
7%
# Pearl Zhu
7%
# Sage
7%
# Connor Jordan
6%
# Jesse
6%
# Malcolm
6%
# Marcel Gerard
6%
# Markos
6%
# Rayna Cruz
6%
# Tom Avery
6%
# Gloria
5%
# Greta Martin
5%
# Jonas Martin
5%
# Lee
5%
# Rudy Hopkins
5%
# Will
5%
# Ayana
4%
# Bree
4%
# Dorian Williams
4%
# Peter Maxwell
4%
# Aja
3%
# Alexander
3%
# Beatrice Bennett
3%
# Ben McKittrick
3%
# Galen Vaughn
3%
# Henry
3%
# Ivy
3%
# Liam Davis
3%
# Monique
3%
# Pasteur Young
3%
# Ray Sutton
3%
# Samantha Gilbert
3%
# William Tanner
3%
# Adrian
2%
# Agnès
2%
# Brady
2%
# Camille O'Connell
2%
# Charlotte
2%
# Ethan Maxwell
2%
# Georgie Dowling
2%
# Gregor
2%
# Harper
2%
# Honoria Fell
2%
# Jamie Wilson
2%
# Joseph Salvatore
2%
# Kim
2%
# Megan King
2%
# Noah
2%
# Sloan
2%
# Sophie Deveraux
2%
# Tripp Cooke
2%
# Wesley Maxfield
2%
# Aimee Bradley
1%
# Alexandria Saint John
1%
# Amber Bradley
1%
# Chris
1%
# Dean
1%
# Diane Freeman
1%
# Diego
1%
# Dr Whitmore
1%
# Frederick
1%
# Gail Salvatore
1%
# Georges Lockwood
1%
# Gerald Forbes
1%
# Jane-Anne Deveraux
1%
# Krystal
1%
# Maggie James
1%
# Marianna Lockwood
1%
# Massak
1%
# Penny Ares
1%
# Tara
1%
# Tobbias Fell
1%
# Trudie Peterson
1%
# Vanessa Monroe
1%
# Virginia Saint John
1%
# Zachariah Salvatore
1%
# Kathleen Shane
0%
# Nandi Lamarche
0%
# Samantha Gibbons
0%
# Thierry Vanchure
0%
# Troy
0%
Aucun quiz correspondant
Distribution des résultats
% des personnes avec chaque résultat
Percentile par nombre de réponses
Votre historique - résultats
Vous n’avez pas pris ce quiz depuis la dernière actualisation